[Event "TUN-ch Prel"]
[Site "Monastir"]
[Date "2024.12.21"]
[Round "1"]
[White "Farhat, Mohamed Tawfik"]
[Black "Ayoub, Baba"]
[Result "1-0"]
[WhiteElo "1805"]
[BlackElo "1483"]
[PlyCount "49"]
[EventDate "2024.12.21"]
[EventType "swiss"]
[EventRounds "9"]
[EventCountry "TUN"]
[SourceTitle "CB02_2025"]
[SourceDate "2025.01.08"]
[SourceVersion "1"]
[SourceVersionDate "2025.01.08"]
[SourceQuality "1"]

1. e4 c5 2. Nf3 Nc6 3. Bb5 a6 4. Be2 e6 5. 0-0 d6 6. c3 Nf6 7. Qc2 b5 8. d4 c4 9. Bg5 Be7 10. Nbd2 Bb7 11. b3 cxb3 12. axb3 Rc8 13. Qb2 h6 14. Bh4 g5 15. Bg3 Na5 16. e5 Ne4 17. Nxe4 Bxe4 18. exd6 Bf8 19. Nd2 Bb7 20. c4 f5 21. Be5 Rh7 22. Bh5+ Kd7 23. d5 bxc4 24. bxc4 Nxc4 25. Qxb7+ 1-0